000 01114njm a22002777a 4500
005 20100901100511.0
007 sd ammalaaahaa
008 100901t xxu||||| |||| 00| 0 hin d
028 _aN. 88111
_bHis Master's Voice
028 _aOJW. 2762
_bHis Master's Voice
028 _aOJW. 2763
_bHis Master's Voice
035 _aGR-178
040 _aSED/VEN
100 _aTalat Mahmood
_917807
245 _aKaun kehta hai tujhe part 1 :
_bHindustani /
_cby Talat Mahmood ; music by Khayyam ; lyric by Jan Nisar Akhtar
_h[sound recording] :
246 _aकौन कहता है तुझे (तलत महमूद )
260 _aDum Dum India
_bHis Master's Voice
300 _a1 sound disc [gramophone record] :
_banalog, 33 1/3 rpm
_c10 in.
500 _aBrief record
505 _aTujh mein jo baat hai (तुझ में जो बात है ) पार्ट 2
650 _aClassical music
_xExcerpts
_zIndia
_917808
700 _aKhayyam
_917809
700 _aJan Nisar Akhtar
_917810
942 _cGR
_2ddc
999 _c43281
_d43281